Länder mit den meisten Analphabeten - Statistiken

Allgemein
  • Dieses Quiz wurde 83 mal gespielt
  • Das Durchschnittsergebnis liegt bei 6 aus 10
Antwortstatistiken
# Anteil % Antwort % Korrekt
4 37,3 Niger
82%
2 30,8 Mali
70%
7 37,8 Somalia
65%
1 26,8 Tschad
65%
3 34,5 Südsudan
64%
4 37,3 Afghanistan
56%
6 37,5 Zentralafrikanische Republik
52%
8 45,3 Guinea
48%
10 46,0 Burkina Faso
44%
9 45,8 Benin
40%
Keine übereinstimmenden Quizze gefunden
Verteilung der Resultate
Anzahl Personen mit jedem Resultat
Perzentil nach korrekt beantworteten Fragen
Ihre Resultats-Entwicklung
Sie haben dieses Quiz noch nicht gespielt